Meghivó

Pozvánka na spoločenské podujatie Michalovského mládežníckeho spolku (Nagymihályi ifjusági egyesület), t.j. ochotnícke divadlo spojené so spoločenskou zábavou dňa 26.12.1907 v Michalovciach. Predseda spolku je František (Ferencz) Dzupa.

Podrobná bibliografia
Médium: Článok
Jazyk:Hungarian
Témy:
Zdroj: 1. Homonna és Vidéke : Vegyes tartalmu közmüvelődési, szépirodalmi és közgazdasági hetilap 1. Roč. 7, č. 51 (19.12.1907) s. 2
LEADER 01228nab#a2200313#ar4500
001 000073553
003 SVKKK
005 19970929xxxxxxx.
008 06 c xo huno
FMT
038 |a SVKKK 
040 |a SVKKK  |b slo  |e AACR2 
041 0 |a hun 
044 |a xo  |c SK 
080 |a 061.213:792.077:793 
242 1 0 |a Pozvánka 
245 0 0 |a Meghivó 
500 |a mikrofilm 
520 2 |a Pozvánka na spoločenské podujatie Michalovského mládežníckeho spolku (Nagymihályi ifjusági egyesület), t.j. ochotnícke divadlo spojené so spoločenskou zábavou dňa 26.12.1907 v Michalovciach. Predseda spolku je František (Ferencz) Dzupa. 
650 0 4 |a Nagymihályi ifjusági egyesület pozri Michalovského mládežnícky spolok 
650 0 4 |a divadlo ochotnícke - zábava spoločenská - Michalovský mládežnícky spolok (organizátor) - Dzupa, František (predseda spolkový) - Michalovce - 26.12.1907 - pozvánka 
773 0 |t Homonna és Vidéke : Vegyes tartalmu közmüvelődési, szépirodalmi és közgazdasági hetilap  |g Roč. 7, č. 51 (19.12.1907) s. 2 
957 |a Michalovce 
958 |a DG 
958 |a SK 
974 |a Ba  |d 19970929 
992 |a RBX 
BAS
998 |a RETRO